Land of Name Origins Quiz Stats

 Plays Quiz not verified by Sporcle

Also try: African Flag Maps
Challenge
Share
Tweet
Embed
Score 0/12 Timer 05:00
0 Plays Today
Origin Country % Correct
Land of the Rising SunJapan
95.6%
Land of the Indus RiverIndia
94.1%
Land of Tanganyika and ZanzibarTanzania
89.7%
Land of the KambojasCambodia
67.6%
Land of the Rundi SpeakersBurundi
60.3%
Land of the FreeLiberia
44.1%
Land of the PurePakistan
33.8%
Land of the BlacksSudan
33.8%
Land of the Forty TribesKyrgyzstan
29.4%
Land of Honest MenBurkina Faso
22.1%
Land of Wood and WaterJamaica
7.4%
Land of Many WatersGuyana
5.9%

You're not logged in!

Compare scores with friends on all Sporcle quizzes.
OR
Log In

You Might Also Like...

Show Comments

Extras

Top Quizzes Today


Score Distribution

Your Account Isn't Verified!

In order to create a playlist on Sporcle, you need to verify the email address you used during registration. Go to your Sporcle Settings to finish the process.

Report this User

Report this user for behavior that violates our Community Guidelines.

Details: